000 00526nam a2200217Ia 4500
001 13825
003 GE_BSU
008 181216s||||||||xx |||||||||||||| ||und||
020 _a1858330114
040 _cGE_BSU
080 _a61(031)
245 _aComplete family health encyclopedia.
245 _cMedical editor Dr.Tony Smith.
260 _aLondon.
260 _bCLB colour library books.
260 _c1990
300 _a1183p;27cm.
300 _bill.
653 _aComplete family health encyclopedia.
942 _cBK
999 _c46971
_d46971